|
|
|
|
| LEADER |
01136cam a2200253 a 4500 |
| 001 |
c000262520 |
| 003 |
CARM |
| 005 |
20070615092423.0 |
| 008 |
881103s1963 vraa b 100 0 eng d |
| 019 |
1 |
|
|a 5521456
|5 LACONCORD2021
|
| 035 |
|
|
|a (OCoLC)154503695
|5 LACONCORD2021
|
| 040 |
|
|
|a D2035
|b eng
|c D2035
|
| 042 |
|
|
|a anuc
|
| 043 |
|
|
|a u-at---
|
| 082 |
0 |
4 |
|a 622.0994
|2 19
|
| 110 |
2 |
|
|a Australasian Institute of Mining and Metallurgy.
|b Conference
|d (1963 :
|c Adelaide, S. Aust.)
|
| 245 |
1 |
0 |
|a Technical papers to be presented at Port Pirie and Whyalla /
|c The Australasian Institute of Mining and Metallurgy, Annual Conference, 14th-24th August, 1963, South Australia.
|
| 260 |
|
|
|a [Parkville, Vic. :
|b Australasian Institute of Mining and Metallurgy,
|c 1963].
|
| 300 |
|
|
|a 1 v. (various pagings) :
|b ill. ;
|c 34 cm.
|
| 500 |
|
|
|a Spine title.
|
| 650 |
|
0 |
|a Mineral industries
|z Australia
|v Congresses.
|
| 852 |
8 |
|
|b CARM
|h A1:AP36C0
|i F02193
|p 0375523
|f BK
|
| 999 |
f |
f |
|i 565afd58-8421-5356-9726-b11632dfee06
|s 875edc95-c6af-5bc2-8a8b-b028f589f601
|
| 952 |
f |
f |
|p Can circulate
|a CAVAL
|b CAVAL
|c CAVAL
|d CARM 1 Store
|e F02193
|f A1:AP36C0
|h Other scheme
|i book
|m 0375523
|